Stretnutie s literatúrou Slovákov žijúcich v Chorvátsku

Bibliographic Details
Main Author: Bábik, Ján, 1956- (Author)
Format: Article
Language:Slovak
PhysicalDescription:Fotogr.
ISSN:1335-4396
Subjects:

MARC

LEADER 00000nab a2200000 ar4500
001 vtls010025440
003 SK-MaSNL
005 20260303045336.0
008 091126c2009 xo mr|p|||||||000 b|slo
015 |a SNBRB2009/11  |2 snkbucl 
038 |a SNKBUCL 
040 |a SNKBUCL  |b slo  |c SNKBUCL  |e AACR2 
041 0 |a slo 
044 |a xo  |c SK 
080 |a 82:06.063  |2 1997 
100 1 |a Bábik, Ján,  |d 1956-  |4 aut  |9 159420 
245 1 0 |a Stretnutie s literatúrou Slovákov žijúcich v Chorvátsku  |c Ján Bábik 
300 |b Fotogr. 
611 2 7 |a Martinská literárna jar  |n (9. :  |d 2009 :  |c Martin, Slovensko)  |2 snkbucl  |9 122320 
773 0 |t Slovenské zahraničie  |g Roč. XIII, č. 2 (2009), s. 16  |x 1335-4396 
852 |a SNK  |b KIS3GCP 
958 |a SK 
999 |c 1703427  |d 1705357